Joseph,

Saved in:
Bibliografiske detaljer
Hovedforfatter: Goldsmith, Margaret L. (Margaret Leland), 1894-
Format: Bog
Sprog:English
Udgivet: London, Rich & Cowan, ltd. [1937]
Serier:Biblical biographies series, 2.
Fag:
LEADER 00907nam a22002531 4500
001 c000312075
003 CARM
005 00000000000000.0
008 780103s1937 enk 00010 eng
019 1 |a 1133409  |z 10802224  |5 LACONCORD2021 
035 |a (OCoLC)3509760  |5 LACONCORD2021 
040 |c MBU-T 
050 0 0 |a BS580.J6  |b G56 
100 1 |a Goldsmith, Margaret L.  |q (Margaret Leland),  |d 1894- 
245 0 0 |a Joseph,  |c by Margaret Goldsmith. 
260 |a London,  |b Rich & Cowan, ltd.  |c [1937] 
300 |a 3 p.l., 218 p.  |c 21 cm. 
490 0 |a Biblical biographies series,  |v 2. 
500 |a "First printed, 1937." 
600 0 0 |a Joseph  |c (Son of Jacob) 
852 8 |b CARM  |h A3:AD30B0  |i B11431  |p 0472818  |f BK 
082 0 4 |a 221.92 
999 f f |i 7739ab12-f116-5cbd-8a37-0da9a377439f  |s 25d2013c-f24a-53d7-948c-23974d0f62fe 
952 f f |p Can circulate  |a CAVAL  |b CAVAL  |c CAVAL  |d CARM 1 Store  |e B11431  |f A3:AD30B0  |h Other scheme  |i book  |m 0472818